| 000 | 01701nam a2200289Ia 4500 | ||
|---|---|---|---|
| 001 | C7746 | ||
| 003 | IT-RoPAU | ||
| 008 | 130308s9999 xx 000 0 und d | ||
| 040 | _aIT-RoPAU | ||
| 040 | _cIT-RoPAU | ||
| 041 | _aITALIANO | ||
| 100 | _aFracassi Claudio | ||
| 100 | _gCodice Aut. SPICS: 6487 | ||
| 245 | _aSotto la notizia niente - Saggio sull'informazione planetaria | ||
| 245 | _bSotto la notizia niente - Saggio sull'informazione Planetaria | ||
| 250 | _a1a ed. | ||
| 260 | _aROMA | ||
| 260 | _bLibera Informazione Editrice | ||
| 260 | _c1994 [1° Ed.:1994 - Ed.Ling.Originale:1994] | ||
| 300 | _a"254 p. (prefazione: no ; testo: 254 [pagine: 0-0])" | ||
| 500 | _aCome Nasce una Notizia? Come si Forma, Attraverso Il Racconto di Giornali e Tv, la nostra Coscienza del Mondo? tra Riflessione Filosofica e ricostruzione Storica, Dalle bugie nella Guerra di Crimea a Quelle nella Ex Jugoslavia, da Reagan a Berlusconi, dal Telegrafo meccanico Alla Realtà Virtuale, un Libro per Smontare I Meccanismi dell'informazione e per Capire che Cosa C'E' Dentro. Come I Fatti Diventano Notizie. fabbrica della Realtà. vendere la Guerra: Informazione e Guerre. Vietnam in Salotto: Vietnam una Guerra Non Censurata, Falkland Mlvinas una Carneficina Oscurata. Teleguerre: Inganno informativo nel Golfo. commercio del Consenso: Informazione. propaganda e Potere. Chi Decide nel Villaggio: flussi dell'informazione nord Sud, Telematica, Realtà Virtuale. Realtà e Immagine: Alfabetizzazione All'Informazione, Nostri Diritti. Fonti e Bibliografia Essenziale. | ||
| 650 | _aSAGGI DI GIORNALISMO | ||
| 650 | _eCodice materia Spics: 7061 | ||
| 942 | _cBK | ||
| 957 | _71 | ||
| 999 |
_c94981 _d94981 |
||
| 999 | _g1 | ||